Дело о службе старшего бутафора Василия Соколова

Доступно только в Электронных читальных залах Найти на картеНа карте
RUSMARC
00004113nmc2a22000003x 450
0017ea4a1e7-0b42-4229-9f1c-5e6f02b0e6a1
00520181224231551.0
100##$a20170627l18461847k l0rusy0189 ca
1010#$arus
102##$aRU
2001#$aДело о службе старшего бутафора Василия Соколова
$j31 июля 1846 г. - 6 ноября 1847 г.
251##$cДело
300##$aПо Санкт-Петербургской дирекции за 1846 год
300##$aОриг. заголовок дела: Дело об исключении из списков Дирекции, состоявшего при ней по найму старшем бутафором, умершего мещанина Василья Соколова. 31 июля 1846 г. - 6 ноября 1847 г
801#0$aRU
$bРГИА
$c20170627
$gRCR
801#1$aRU
$bГлавНИВЦ
$c20170627
$2rusmarc
801#2$aRU
$bПБ им. Б.Н. Ельцина
$c20181224
$gRCR
$2rusmarc
850##$aРГИА
852##$aРГИА
$eФедеральное казенное учреждение "Российский государственный исторический архив" (РГИА)
$j10761
937##$hРГИА
$d12246334
$aASBIBLIO_SCAN
462#0$1001dd3991dc-24e1-42ec-8838-ca4255420416
$12001
$a1746-1850 гг.
$1251
$cОпись
$1852
$j1
461#0$10019264ebf8-de62-4f1a-9eb4-9f22098dbbd5
$12001
$aДирекция императорских театров МИДв
$1251
$cФонд
$1852
$j497
215##$a20 л.
$d36,5х26 см
371##$aДокумент не является опубликованным и широко распространяемым
105##$ay###
1222#$ad
5171#$aДело об исключении из списков Дирекции, состоявшего при ней по найму старшем бутафором, умершего мещанина Василья Соколова. 31 июля 1846 г. - 6 ноября 1847 г
035##$a7ea4a1e7-0b42-4229-9f1c-5e6f02b0e6a1
856##$uhttp://readingroom.main.prlib.ru/item.aspx?id_node=n122293259&mode=full
Формат отображения